Statistiques concernant Les mots de la langue française terminés par "ange"

Cliquez ici pour prendre le quiz!

Statistiques générales

  • Ce quiz a été pris 438 fois
  • Le résultat moyen est 9 sur 18

Statistiques - réponses

IndiceMot% Correct
chérubinange
97%
Gabrielarchange
76%
doigtphalange
76%
oiseaumésange
75%
permutationéchange
70%
fruitorange
67%
assortimentmélange
61%
coiffurefrange
60%
remplacementchange
49%
remisegrange
43%
bouefange
40%
hommagelouange
40%
cueillettevendange
37%
nettoyagevidange
36%
figurelosange
33%
manteau de bébénidange
10%
bateau du Nilcange
4%
structure végétalesporange
3%

Distribution des résultats

Percentile par nombre de réponses

% des personnes avec chaque résultat

Votre développement - résultats

Vous n’avez pas pris ce quiz